000 00451nam a22001697a 4500
003 SGT
020 _a9781264285846
082 _a616.024
_bH22L
100 _aLASCALZO, JOSEPH
245 _aHARRISON,S PRINCIPLES OF INTERNAL MEDICINE 2 VOLUNE SET
250 _a21ST
260 _aNEW YORK
_bMCGRAW HILL PUB
_c2022
300 _a1796 , 3855
650 _aGENERAL MEDICINE
653 _aHARRISON,S PRINCIPLES OF INTERNAL MEDICINE
942 _2ddc
_cBK
999 _c23273
_d23273